Advertising to Children

Bibliographic Details
Main Author: Kandelaki Nodar
Other Authors: Papp Dr. Judit
Format: Thesis
Kulcsszavak:children
advertising
marketing
Online Access:http://dolgozattar.uni-bge.hu/15502

MARC

LEADER 00000nta a2200000 i 4500
001 dolg15502
005 20180727132616.0
008 180507suuuu hu om 000 eng d
040 |a BGE Dolgozattár Repozitórium  |b hun 
041 |a en 
100 1 |a Kandelaki Nodar 
245 1 0 |a Advertising to Children  |c Kandelaki Nodar  |h [elektronikus dokumentum] 
246 1 1 |a Advertising to Children 
695 |a children 
695 |a advertising 
695 |a marketing 
700 1 |a Papp Dr. Judit  |e ths 
856 4 0 |u http://dolgozattar.uni-bge.hu/15502/1/Thesis%20N.K..pdf  |z Dokumentum-elérés